00582nam a2200181 4500003001100000005001700011008004100028020001800069040003900087041000800126082000800134245006700142260005800209700002400267942000700291952008700298999001500385LK-CoMWRAF20240106152412.0230905b2009 |||||||| |||| 00| 0 eng d a9789550165001 aLK-CoMWRAFdLK-CoMWRAFeLK-CoMWRAF aeng bJEZ aJezima :bA collection of tributes to Deshabandu Jezima Ismail aDehiwala :bSri Lanka Muslim women's conferencec2009 aRaheem, Yasmineed. cBK 00104070aMAINbMAINd2023-09-05l0o923 JEZpRAF842r2023-09-05w2023-09-05yBK c3414d3414